| 000 | 00000nam 22000008i 4500 |
| 001 | 9.868774 |
| 003 | CaOODSP |
| 005 | 20221107162658 |
| 006 | m o d f |
| 007 | cr ||||||||||| |
| 008 | 190624t20192019onca #o f000 0 eng d |
| 020 | |a9780660297248 |
| 040 | |aCaOODSP|beng|erda|cCaOODSP |
| 043 | |an-cn--- |
| 086 | 1 |aD2-408/2019E-PDF |
| 245 | 00|aDefending Canadian sovereignty : |bnew threats, new challenges. |
| 264 | 1|a[Ottawa] : |bNational Defence = Défense nationale, |c[2019]. |
| 264 | 4|c©2019 |
| 300 | |a1 online resource (vii, 111 pages) : |bcolour illustrations |
| 336 | |atext|btxt|2rdacontent |
| 337 | |acomputer|bc|2rdamedia |
| 338 | |aonline resource|bcr|2rdacarrier |
| 500 | |aIssued also in French under title: Défendre la souveraineté du Canada : nouvelles menaces, nouveaux défis. |
| 500 | |aReplacement copy supplied by publisher (2019/08/07; 2019/09/04; 2019/11/06; 2019/11/15). |
| 504 | |aIncludes bibliographical references. |
| 692 | 07|2gccst|aDefence policy |
| 692 | 07|2gccst|aSovereignty |
| 710 | 1 |aCanada. |bDepartment of National Defence. |
| 775 | 08|tDéfendre la souveraineté du Canada : |w(CaOODSP)9.868775 |
| 776 | 0#|tDefending Canadian sovereignty. |w(CaOODSP)9.868776 |
| 856 | 40|qPDF|s1.97 MB|uhttps://publications.gc.ca/collections/collection_2019/mdn-dnd/D2-408-2019-eng.pdf |